00809cam a2200217 a 450000100100000000500170001000800410002704000250006808200180009310000280011124500440013926000370018330000210022049000110024165000280025265000320028083000170031295201210032995201260045099900150057600000811120200929154434.0790823s1968 ve 000 f spa d aDO-SdBNPbspacBNPHU aV863.44bI12c1 aIbarra, Vicente.92202310aCamioneros :bnovela /cVicente Ibarra. aCaracas :bMonte Ávila,c1968. a126 p. ;c20 cm.1 aPrisma 4aNovela venezolana93962 4aLiteratura venezolana93816 0aPrisma93770 001054708MOaGRbGRcHDd2009-09-14iLF1l0oV863.44 I12cp8111-10r2020-06-25w2020-06-25y4ZPréstamo en sala 001053728MOaGRbGRcHDd2009-10-01iLF1l0oV863.44 I12cp8111-20r2020-06-25te.2w2020-06-25y4ZPréstamo en sala c7888d7888